| 000 | 00508nam a22001697a 4500 | ||
|---|---|---|---|
| 005 | 20180721111401.0 | ||
| 008 | 180721b xxu||||| |||| 00| 0 eng d | ||
| 020 | _a9781138198524 | ||
| 040 | _cPK-LaUMT | ||
| 082 |
_a621.042 _bREN- |
||
| 245 |
_aRenewable resources and renewable energy : _ba global challenge / _cedited by Paolo fornasiero and Mauro Graziani |
||
| 250 | _a2nd ed. | ||
| 260 |
_aBoca Raton : _bCRC Press, _c2016 |
||
| 300 | _a490 p. | ||
| 650 | _aRenewable energy resources | ||
| 942 | _cBK | ||
| 999 |
_c106167 _d106167 |
||